The Gothic revival, 1745-1845 /

Bibliographic Details
Main Author: Macaulay, James
Format: Book
Language:English
Published: Glasgow : Blackie, 1975.
Subjects:

MARC

Tag First Indicator Second Indicator Subfields
LEADER 00000cam a2200000 a 4500
001 in00000084876
005 20151008054413.0
008 760622s1975 stkae b 00110 engm
010 |a  76364822  
015 |a GB76-03319 
020 |a 0216898927 :  |c 20.00 
035 |a (OCoLC)02145229 
035 |9 AAJ0559AM 
040 |a DLC  |c DLC  |d TXA  |d UtOrBLW 
043 |a e-uk--- 
049 |a TXAM  |c [1442096] 
050 0 0 |a NA966  |b .M32 
082 0 |a 720/.9411 
100 1 |a Macaulay, James. 
245 1 4 |a The Gothic revival, 1745-1845 /  |c James Macaulay. 
264 1 |a Glasgow :  |b Blackie,  |c 1975. 
300 |a xx, 451 pages :  |b illustrations, plans ;  |c 29 cm. 
336 |a text  |b txt  |2 rdacontent 
337 |a unmediated  |b n  |2 rdamedia 
338 |a volume  |b nc  |2 rdacarrier 
500 |a Includes index. 
504 |a Bibliography: pages 403-414. 
650 0 |a Gothic revival (Architecture)  |z Great Britain. 
650 0 |a Architecture  |z Great Britain. 
650 0 |a Architecture  |z Great Britain  |y 18th century. 
650 0 |a Architecture  |z Great Britain  |x History  |y 19th century. 
999 |a MARS 
999 f f |s f0ddf147-6fb5-34e2-b689-4368eceb34d2  |i f1a22890-a8e6-3e0b-897f-720e303539cb  |t 0 
952 f f |p normal  |a Texas A&M University  |b College Station  |c Sterling C. Evans Library  |d Evans: Library Stacks  |t 0  |e NA966 .M32  |h Library of Congress classification  |i unmediated -- volume  |m A14806167695 
998 f f |a NA966 .M32  |t 0  |l Evans: Library Stacks